Les Français médaillés aux JO 2024 - Statistiques

Statistiques générales
  • Ce quiz a été pris 58 fois
    36 depuis la dernière actualisation
  • Le résultat moyen est 26 sur 61
Statistiques - réponses
Médailles Discipline Athlète % Correct
Or Natation Léon Marchand
82%
Natation Rafael Fente-Damers|Maxime Grousset| Florent Manaudou| Léon Marchand| Yohann Ndoye-Brouard| Clément Secchi
82%
Or Judo Clarisse Agbegnenou|Shirine Boukli| Amandine Buchard| Sarah-Léonie Cysique| Romane Dicko| Aurélien Diesse| Alpha Oumar Djalo| Walide Khyar| Joan-Benjamin Gaba| Marie-Ève Gahié| Madeleine Malonga| Luka Mkheidze| Maxime-Gaël Ngayap Hambou| Teddy Riner
79%
Or Judo Teddy Riner
79%
Or Rugby à 7 Jean-Pascal Barraque|Antoine Dupont| Théo Forner| Aaron Grandidier| Jefferson-Lee Joseph| Stephen Parez| Varian Pasquet| Rayan Rebbadj| Paulin Riva| Jordan Sepho| Andy Timo| Antoine Zeghdar| Nelson Épée
71%
Or Triathlon Cassandre Beaugrand
64%
Tennis de table Félix Lebrun
64%
Tennis de table Simon Gauzy|Alexis Lebrun| Félix Lebrun
64%
Basket-ball Andrew Albicy|Nicolas Batum| Isaïa Cordinier| Bilal Coulibaly| Nando de Colo| Evan Fournier| Rudy Gobert| Mathias Lessort| Frank Ntilikina| Matthew Strazel| Guerschon Yabusele| Victor Wembanyama
61%
Natation Florent Manaudou
61%
Judo Romane Dicko
61%
Judo Clarisse Agbegnenou
57%
Judo Joan-Benjamin Gaba
57%
Or VTT Pauline Ferrand-Prévot
57%
Or Volley-ball Antoine Brizard|Timothée Carle| Barthélémy Chinenyeze| Trévor Clévenot| Théo Faure| Jenia Grebennikov| Quentin Jouffroy| Nicolas Le Goff| Yacine Louati| Earvin Ngapeth| Jean Patry| Kévin Tillie| Benjamin Toniutti
54%
Or Surf Kauli Vaast
54%
Football Maghnes Akliouche|Loïc Badé| Rayan Cherki| Joris Chotard| Andy Diouf| Désiré Doué| Arnaud Kalimuendo| Manu Koné| Alexandre Lacazette| Johann Lepenant| Bradley Locko| Castello Lukeba| Soungoutou Magassa| Chrislain Matsima| Jean-Philippe Mateta| Enzo Millot| Obed Nkambadio| Michael Olise| Guillaume Restes| Kiliann Sildillia| Adrien Truffert
54%
Or BMX Joris Daudet
50%
Judo Shirine Boukli
50%
Judo Amandine Buchard
46%
Escrime Boladé Apithy|Jean-Philippe Patrice| Sébastien Patrice| Maxime Pianfetti
46%
Or Escrime Manon Apithy-Brunet
46%
Escrime Sara Balzer
46%
Or Cyclisme sur piste Benjamin Thomas
43%
Cyclisme sur route Christophe Laporte
43%
Cyclisme sur route Valentin Madouas
43%
Basket-ball Valériane Ayayi|Marième Badiane| Romane Bernies| Alexia Chery| Marine Fauthoux| Marine Johannès| Leïla Lacan| Dominique Malonga| Sarah Michel Boury| Iliana Rupert| Janelle Salaün| Gabby Williams
43%
Canoë-kayak Angèle Hug
39%
Judo Luka Mkheidze
39%
Or Canoë-kayak Nicolas Gestin
39%
Judo Sarah-Léonie Cysique
39%
bronze BMX Anthony Jeanjean
36%
Escrime Marie-Florence Candassamy|Alexandra Louis-Marie| Auriane Mallo-Breton| Coraline Vitalis
36%
Escrime Maximilien Chastanet|Enzo Lefort| Julien Mertine| Maxime Pauty
36%
Boxe Sofiane Oumiha
36%
Canoë-kayak Titouan Castryck
36%
Or Taekwondo Althéa Laurin
32%
Argent Athlétisme Cyréna Samba-Mayela
32%
Tir à l'arc Lisa Barbelin
32%
Judo Maxime-Gaël Ngayap Hambou
32%
BMX Romain Mahieu
32%
BMX Sylvain André
32%
Escrime Yannick Borel
32%
Natation Anastasiia Kirpichnikova
29%
Escrime Auriane Mallo-Breton
29%
Tir à l'arc Baptiste Addis|Thomas Chirault| Jean-Charles Valladont
29%
Voile Charline Picon|Sarah Steyaert
29%
Pentathlon moderne Élodie Clouvel
29%
Handball Sarah Bouktit|Cléopâtre Darleux Mingam| Laura Flippes| Pauletta Foppa| Laura Glauser| Léna Grandveau| Lucie Granier| Tamara Horacek| Orlane Kanor| Coralie Lassource| Méline Nocandy| Estelle Nze Minko| Oriane Ondono| Hatadou Sako| Alicia Toublanc| Chloé Valentini| Grâce Zaadi Deuna
29%
VTT Victor Koretzky
29%
Boxe Billal Bennama
25%
Tir Camille Jedrzejewski
25%
Breaking Danis Civil
25%
Triathlon Léo Bergère
25%
Taekwondo Cyrian Ravet
21%
Surf Johanne Defay
21%
Équitation Karim Laghouag|Nicolas Touzaint| Stéphane Landois
21%
Basket-ball Lucas Dussoulier|Jules Rambaut| Franck Seguela| Timothé Vergiat
21%
Boxe Djamili-Dini Aboudou Moindze
18%
Voile Lauriane Nolot
18%
Équitation Simon Delestre|Julien Épaillard| Olivier Perreau
18%
Aucun quiz correspondant
Distribution des résultats
% des personnes avec chaque résultat
Percentile par nombre de réponses
Votre historique - résultats
Vous n’avez pas pris ce quiz depuis la dernière actualisation